La Economía de guerra y su reajuste en España, 1936-1941, desde una perspectiva microeconómica / [José Víctor Arroyo]
Descripción Física:
v. : il. algunes col. ; 31 cm
MARC
| LEADER | 00000nam a2200000Ia 4500 | ||
|---|---|---|---|
| 001 | 17392 | ||
| 008 | 160829s2005 - xx 000 0 cat d | ||
| 080 | |a FOL-2-115 | ||
| 100 | |a Arroyo, J. Víctor |9 23811 | ||
| 245 | |a La Economía de guerra y su reajuste en España, 1936-1941, desde una perspectiva microeconómica / [José Víctor Arroyo] | ||
| 260 | |a Bilbao : |b BBVA. Archivo Histórico, |c 2005 - | ||
| 300 | |a v. : |b il. algunes col. ; |c 31 cm | ||
| 590 | |a Conté: 1. Galicia y el corredor del Duero hasta Aragón | ||
| 650 | |a Guerra |x Aspectes econòmics |x Espanya |9 30151 | ||
| 650 | |a Història contemporània |x S. XX |9 30152 | ||
| 710 | 2 | |a Banco Bilbao Vizcaya Argentaria. |b Archivo Histórico |9 54521 | |
| 901 | |a Arxiu | ||
| 942 | |n 1 | ||
| 952 | |0 0 |1 0 |4 0 |6 FOL2115 |7 1 |9 45295 |a Arxiu |b Arxiu |d 2016-12-01 |l 0 |o FOL-2-115 |p 17392 |r 2016-12-01 00:00:00 |w 2016-12-01 |y ARXIU | ||
| 999 | |c 48369 |d 48369 | ||